| 000 -LEADER |
| fixed length control field |
00603nam a22002057a 4500 |
| 001 - CONTROL NUMBER |
| control field |
21664 |
| 003 - CONTROL NUMBER IDENTIFIER |
| control field |
BD-DhUAP |
| 005 - DATE AND TIME OF LATEST TRANSACTION |
| control field |
20220627140857.0 |
| 008 - FIXED-LENGTH DATA ELEMENTS--GENERAL INFORMATION |
| fixed length control field |
220627b20192019Bg |||| |||| 001 0ceng d |
| 020 ## - INTERNATIONAL STANDARD BOOK NUMBER |
| International Standard Book Number |
9848272798 |
| 040 ## - CATALOGING SOURCE |
| Original cataloging agency |
BD-DhUAP |
| Language of cataloging |
ENG |
| Transcribing agency |
BD-DhUAP |
| Modifying agency |
BD-DhUAP |
| Description conventions |
BD-DhUAP |
| 082 ## - DEWEY DECIMAL CLASSIFICATION NUMBER |
| Edition number |
22 |
| Classification number |
342.5492 MAT |
| 100 ## - MAIN ENTRY--PERSONAL NAME |
| Personal name |
Matin, Justice M A. |
| 245 ## - TITLE STATEMENT |
| Title |
Unwritten Constitution of Bangladesh / |
| Statement of responsibility, etc. |
Justice M A Matin. |
| 260 ## - PUBLICATION, DISTRIBUTION, ETC. |
| Place of publication, distribution, etc. |
Dhaka : |
| Name of publisher, distributor, etc. |
Mullick Brothers, |
| Date of publication, distribution, etc. |
2019 . |
| 300 ## - PHYSICAL DESCRIPTION |
| Extent |
176 p. ; |
| Dimensions |
22 cm. |
| 504 ## - BIBLIOGRAPHY, ETC. NOTE |
| Bibliography, etc. note |
Encloud Index and Bibliography. |
| 650 ## - SUBJECT ADDED ENTRY--TOPICAL TERM |
| Topical term or geographic name entry element |
Law |
| Geographic subdivision |
Bangladesh . |
| 942 ## - ADDED ENTRY ELEMENTS (KOHA) |
| Source of classification or shelving scheme |
|
| Koha item type |
Book |